000 00749cam a2200253 a 4500
001 000009844
005 20240306164224.0
008 840820s1983 sp 000 d spa d
020 _a8432204757
040 _aDO-SdBNP
_cDLC
_dDLC
082 _aPe862.44
_bV297k, 1983
100 1 _aVargas Llosa, Mario,
_d1936-
_912567
245 1 0 _aKathie y el hipopótamo :
_bcomedia en dos actos /
_cMario Vargas Llosa.
250 _a2a ed.
260 _aBarcelona :
_bSeix Barral,
_c1983.
300 _a145 p. ;
_c20 cm.
490 1 _aBiblioteca Breve
_v627
650 4 _aTeatro peruano
_924762
650 4 _aLiteratura peruana
_93140
830 0 _aBiblioteca Breve ;
_v627
_913442
910 _aCatalogación por copia / LC
910 _aWM
049 _aBNGR
999 _c9603
_d9603